| 000 | 01081cam a22002894a 4500 | ||
|---|---|---|---|
| 001 | 14065525 | ||
| 005 | 20250207173445.0 | ||
| 008 | 050805s2007 maua b 001 0 eng | ||
| 020 | _a0073133698 (alk. paper) | ||
| 020 | _a0073228737 (set) | ||
| 020 | _a0073191442 (CDROM) | ||
| 020 | _a9780073133690 | ||
| 020 | _a9780073228730 | ||
| 050 | 0 | 0 |
_aRC454 _b.N64 2007 |
| 082 | 0 | 0 |
_a616.89 _222 |
| 100 | 1 |
_aNolen-Hoeksema, Susan, _d1959-2013. |
|
| 245 | 1 | 0 |
_aAbnormal psychology / _cSusan Nolen-Hoeksema. |
| 250 | _a4th ed. | ||
| 260 |
_aBoston : _bMcGraw-Hill, _cc2007. |
||
| 300 |
_axxxii, 696, [101] p. : _bill. ; _c29 cm. + _e1 CD-ROM (4 3/4 in.) |
||
| 650 | 0 | _aPsychology, Pathological. | |
| 650 | 0 | _aMental illness. | |
| 856 | 4 | 2 |
_3Publisher description _uhttp://www.loc.gov/catdir/enhancements/fy0669/2005053359-d.html |
| 856 | 4 | 1 |
_3Table of contents only _uhttp://www.loc.gov/catdir/enhancements/fy0669/2005053359-t.html |
| 856 | 4 | 2 |
_3Contributor biographical information _uhttp://www.loc.gov/catdir/enhancements/fy0737/2005053359-b.html |
| 942 |
_2lcc _cBK _e4th ed. _n0 |
||
| 999 |
_c3571 _d3571 |
||